[Event "Ljubljana op 10th"]
[Site "Ljubljana"]
[Date "1999.07.03"]
[Round "9"]
[White "Zorman, Vojko"]
[Black "Kastelic, Marian"]
[Result "1-0"]
[WhiteElo "2318"]
[BlackElo "2376"]
[PlyCount "83"]
[EventDate "1999.06.??"]
[EventType "swiss"]
[EventRounds "9"]
[EventCountry "SLO"]
[SourceTitle "EXT 2000"]
[Source "ChessBase"]
[SourceDate "1999.11.16"]
[SourceVersion "1"]
[SourceVersionDate "1999.11.16"]
[SourceQuality "1"]

1. b3 Nf6 2. Bb2 d6 3. Bxf6 exf6 4. g3 g6 5. Bg2 Bg7 6. d4 0-0 7. e3 c5 8. c3 Nc6 9. Nf3 Bg4 10. h3 Bf5 11. Nh4 Bd7 12. 0-0 cxd4 13. cxd4 g5 14. Nf3 f5 15. Nc3 Qf6 16. Nd5 Qg6 17. Rc1 Kh8 18. b4 f6 19. b5 Nd8 20. a4 Qf7 21. Nd2 f4 22. gxf4 gxf4 23. Nxf4 Bh6 24. Qf3 Rg8 25. Kh2 a6 26. Nd5 axb5 27. Qxf6+ Qxf6 28. Nxf6 Rg7 29. Nxd7 Rxd7 30. axb5 Ra2 31. Ne4 Rb2 32. Rb1 Ra2 33. Ra1 Rb2 34. Rfb1 Rc2 35. Rc1 Rb2 36. Rc8 Kg7 37. Raa8 Ne6 38. Rg8+ Kf7 39. Rg3 Rxb5 40. Rf3+ Kg7 41. h4 Nd8 42. Nf6 1-0

[Event "Ljubljana op 10th"]
[Site "Ljubljana"]
[Date "1999.07.01"]
[Round "7"]
[White "Brumen, Dinko"]
[Black "Zorman, Vojko"]
[Result "1/2-1/2"]
[WhiteElo "2309"]
[BlackElo "2318"]
[PlyCount "91"]
[EventDate "1999.06.??"]
[EventType "swiss"]
[EventRounds "9"]
[EventCountry "SLO"]
[SourceTitle "EXT 2000"]
[Source "ChessBase"]
[SourceDate "1999.11.16"]
[SourceVersion "1"]
[SourceVersionDate "1999.11.16"]
[SourceQuality "1"]

1. e4 b6 2. d4 Bb7 3. Bd3 e6 4. Nf3 d6 5. 0-0 Nd7 6. Qe2 Ne7 7. Ng5 h6 8. Nh3 g6 9. f4 Bg7 10. c3 e5 11. Bc4 0-0 12. dxe5 dxe5 13. f5 Nf6 14. Nd2 Qd6 15. g4 Rad8 16. Nf2 Kh7 17. Nf3 c5 18. g5 gxf5 19. gxf6 Qxf6 20. h3 fxe4 21. Nxe4 Qg6+ 22. Neg5+ hxg5 23. Nxg5+ Kh8 24. Bxf7 Rxf7 25. Rxf7 Bf6 26. Rxf6 Qxf6 27. Qh5+ Kg8 28. Qh7+ Kf8 29. Be3 Ke8 30. Rf1 Qc6 31. Rf8+ Kd7 32. Qd3+ Qd5 33. Qxd5+ Bxd5 34. Rxd8+ Kxd8 35. b3 c4 36. b4 Nf5 37. Bd2 Ke7 38. Kf2 Kf6 39. Nf3 e4 40. Nd4 Nxd4 41. cxd4 Kf5 42. Ke3 a6 43. a3 b5 44. Kf2 Be6 45. Kg3 Bf7 46. Kf2 1/2-1/2

[Event "Ljubljana op 10th"]
[Site "Ljubljana"]
[Date "1999.06.26"]
[Round "2"]
[White "Zorman, Vojko"]
[Black "Florjancic, Rudolf"]
[Result "1-0"]
[WhiteElo "2318"]
[BlackElo "2067"]
[PlyCount "127"]
[EventDate "1999.06.??"]
[EventType "swiss"]
[EventRounds "9"]
[EventCountry "SLO"]
[SourceTitle "EXT 2000"]
[Source "ChessBase"]
[SourceDate "1999.11.16"]
[SourceVersion "1"]
[SourceVersionDate "1999.11.16"]
[SourceQuality "1"]

1. b3 Nf6 2. Bb2 e6 3. e3 d5 4. f4 b6 5. Nf3 Bb7 6. Bd3 Nbd7 7. 0-0 Bd6 8. Ne5 0-0 9. Nxd7 Nxd7 10. Bxh7+ Kxh7 11. Qh5+ Kg8 12. Bxg7 f5 13. Bb2 Rf6 14. Rf3 Bf8 15. Bxf6 Qxf6 16. d4 c5 17. c3 Bg7 18. Rh3 Rc8 19. Nd2 b5 20. a3 a5 21. Nf3 Kf8 22. Ne5 Nxe5 23. fxe5 Qf7 24. Qe2 c4 25. b4 a4 26. Rf1 Ke7 27. g4 Rg8 28. Rg3 Bh6 29. Kh1 Qh7 30. gxf5 Rxg3 31. hxg3 exf5 32. Qh5 Bc8 33. Kg2 Qg7 34. Kf2 Be6 35. Rh1 Bg5 36. Qh7 Kf7 37. Rh5 Be7 38. Rh6 Qxh7 39. Rxh7+ Kf8 40. Rh8+ Bg8 41. Rh6 Bf7 42. Rb6 Be8 43. Kf3 Bg5 44. Rd6 Bh5+ 45. Kf2 Bf7 46. e6 Be7 47. Rxd5 Bxe6 48. Rxb5 Bd6 49. Ra5 Bd7 50. b5 Ke7 51. b6 Bxa3 52. b7 Bd6 53. Ra8 Bc6 54. b8Q Bxb8 55. Rxb8 Be4 56. Rb6 Bc2 57. Ke1 Bb3 58. Ra6 Kd7 59. Kd2 Kc7 60. Kc1 Kb7 61. Rf6 a3 62. Rxf5 Kb6 63. Rf8 Kb7 64. Kb1 1-0

[Event "Bled op 19th"]
[Site "Bled"]
[Date "1998.??.??"]
[Round "3"]
[White "Grosar, Kiti"]
[Black "Zorman, Vojko"]
[Result "1/2-1/2"]
[WhiteElo "2225"]
[BlackElo "2305"]
[PlyCount "130"]
[EventDate "1998.03.21"]
[EventType "swiss"]
[EventRounds "9"]
[EventCountry "SLO"]
[SourceTitle "EXT 1999"]
[Source "ChessBase"]
[SourceDate "1998.11.16"]
[SourceVersion "1"]
[SourceVersionDate "1998.11.16"]
[SourceQuality "1"]

1. e4 e6 2. d4 Ne7 3. Nf3 d5 4. e5 b6 5. c3 a5 6. b3 Nf5 7. Bg5 Qd7 8. g4 Ne7 9. Bg2 Ba6 10. Qc2 h5 11. h3 hxg4 12. hxg4 Rxh1+ 13. Bxh1 Qb5 14. Bg2 c5 15. Na3 Qd7 16. Bf1 Bxf1 17. Kxf1 Ng6 18. Qb2 Nc6 19. Nc2 Be7 20. Nce1 Rc8 21. a3 f6 22. exf6 gxf6 23. Bh6 e5 24. dxe5 fxe5 25. Nh2 e4 26. Qe2 Qd6 27. Kg1 Nf4 28. Bxf4 Qxf4 29. Ng2 Qe5 30. Rd1 Bd6 31. f4 exf3 32. Qxe5+ Bxe5 33. Nxf3 Bxc3 34. Rxd5 Rd8 35. Nf4 Nd4 36. Nxd4 Bxd4+ 37. Kf1 Bb2 38. a4 Rd7 39. Ke2 Re7+ 40. Kd3 Bc1 41. Ng6 Re3+ 42. Kc2 Kf7 43. Rd6 Ba3 44. Rxb6 Bb4 45. Nf4 Rc3+ 46. Kb2 Rg3 47. Rb7+ Kg8 48. Nd5 Rg2+ 49. Kb1 Rg1+ 50. Kc2 Rg2+ 51. Kd3 Rg3+ 52. Kc4 Rxg4+ 53. Kb5 Kf8 54. Nf6 Rg3 55. Nd7+ Ke8 56. Nxc5 Rc3 57. Rc7 Bxc5 58. Rxc5 Rxb3+ 59. Kxa5 Rb8 60. Rd5 Ke7 61. Ka6 Ra8+ 62. Kb5 Rd8 63. Rc5 Kd7 64. Kb6 Rb8+ 65. Ka7 Rc8 1/2-1/2

[Event "Ljubljana op 9th"]
[Site "Ljubljana"]
[Date "1998.??.??"]
[Round "5"]
[White "Zorman, Vojko"]
[Black "Podkriznik, Gregor"]
[Result "1-0"]
[WhiteElo "2305"]
[BlackElo "2330"]
[PlyCount "93"]
[EventDate "1998.06.??"]
[EventType "swiss"]
[EventRounds "9"]
[EventCountry "SLO"]
[SourceTitle "EXT 1999"]
[Source "ChessBase"]
[SourceDate "1998.11.16"]
[SourceVersion "1"]
[SourceVersionDate "1998.11.16"]
[SourceQuality "1"]

1. e4 c5 2. Nf3 d6 3. g3 Nc6 4. Bg2 g6 5. 0-0 Bg7 6. d3 e5 7. Nh4 Nge7 8. Nc3 0-0 9. f4 exf4 10. Bxf4 Be6 11. Qd2 d5 12. exd5 Nxd5 13. Bh6 Nxc3 14. bxc3 Qd7 15. Bxg7 Kxg7 16. Qf2 Qe7 17. Bxc6 bxc6 18. c4 Rab8 19. Qd2 Rb4 20. a3 Rb6 21. Qc3+ Kg8 22. Rae1 Qd6 23. Nf3 Bg4 24. Nd2 Be6 25. Nb3 Ra6 26. Qa1 h5 27. a4 Rb6 28. Qe5 Qxe5 29. Rxe5 Bf5 30. Nxc5 Rb2 31. Rc1 Ra2 32. Kf2 Kg7 33. h4 Rd8 34. Ke2 Kf6 35. Re3 Rb2 36. Kd2 Rbb8 37. Kc3 Rg8 38. Rf1 Rgd8 39. Rfe1 Rg8 40. Re7 g5 41. Rxa7 gxh4 42. gxh4 Rg4 43. Nd7+ Bxd7 44. Rxd7 Rxh4 45. Rf1+ Kg6 46. Rdxf7 Ra8 47. R7f6+ 1-0

[Event "Ljubljana op 7th"]
[Site "Ljubljana"]
[Date "1996.??.??"]
[Round "5"]
[White "Jelen, Igor"]
[Black "Zorman, Vojko"]
[Result "1/2-1/2"]
[WhiteElo "2400"]
[BlackElo "2335"]
[PlyCount "30"]
[EventDate "1996.06.??"]
[EventType "swiss"]
[EventRounds "9"]
[EventCountry "SLO"]
[SourceTitle "CBM 053 Extra"]
[Source "ChessBase"]
[SourceDate "1996.09.01"]
[SourceVersion "1"]
[SourceVersionDate "1996.09.01"]
[SourceQuality "1"]

1. d4 d5 2. c4 c6 3. Nc3 Nf6 4. e3 e6 5. Nf3 Ne4 6. Bd3 f5 7. 0-0 Nd7 8. Ne2 Bd6 9. Ne1 0-0 10. f3 Nef6 11. Nc3 Bc7 12. g3 dxc4 13. Bxc4 Nb6 14. Bb3 Kh8 15. f4 Nbd5 1/2-1/2

[Event "Bled op 17th"]
[Site "Bled"]
[Date "1996.??.??"]
[Round "8"]
[White "Stojnic, Miodrag"]
[Black "Zorman, Vojko"]
[Result "0-1"]
[WhiteElo "2090"]
[BlackElo "2335"]
[PlyCount "72"]
[EventDate "1996.03.??"]
[EventType "swiss"]
[EventRounds "9"]
[EventCountry "SLO"]
[SourceTitle "CBM 051 Extra"]
[Source "ChessBase"]
[SourceDate "1996.05.01"]
[SourceVersion "1"]
[SourceVersionDate "1996.05.01"]
[SourceQuality "1"]

1. d4 d5 2. c4 c6 3. Nc3 Nf6 4. e3 e6 5. Nf3 Ne4 6. Ne5 Bb4 7. Bd2 Nxd2 8. Qxd2 Nd7 9. Nd3 Ba5 10. c5 0-0 11. Be2 Bc7 12. 0-0 e5 13. f4 f6 14. b4 g5 15. Bg4 e4 16. Nc1 f5 17. Bd1 gxf4 18. exf4 Rf7 19. a4 Rg7 20. Nb3 Nf8 21. Rf2 Ne6 22. Ne2 Qe7 23. Qe3 Bd7 24. Kh1 Kh8 25. g3 Rag8 26. Bc2 Be8 27. Nc3 Qf6 28. b5 Qh6 29. Ne2 Bh5 30. Nbc1 Bf3+ 31. Rxf3 exf3 32. Qxf3 Nxd4 33. Nxd4 Rxg3 34. Qf2 Rg1+ 35. Qxg1 Rxg1+ 36. Kxg1 Qg7+ 0-1

[Event "Berliner Sommer 13th"]
[Site "Berlin"]
[Date "1995.??.??"]
[Round "9"]
[White "Zorman, Vojko"]
[Black "Lugovoi, Aleksei"]
[Result "0-1"]
[WhiteElo "2360"]
[BlackElo "2490"]
[PlyCount "54"]
[EventDate "1995.08.??"]
[EventType "swiss"]
[EventRounds "9"]
[EventCountry "GER"]
[SourceTitle "CBM 047 Extra"]
[Source "ChessBase"]
[SourceDate "1995.09.01"]
[SourceVersion "1"]
[SourceVersionDate "1995.09.01"]
[SourceQuality "1"]

1. d4 Nf6 2. c4 e6 3. Nc3 Bb4 4. e3 0-0 5. Bd3 d5 6. Nge2 dxc4 7. Bxc4 c5 8. 0-0 cxd4 9. exd4 Nc6 10. Bg5 h6 11. Bh4 Be7 12. Qd3 b6 13. a3 Bb7 14. Rfd1 Nd5 15. Bxd5 Bxh4 16. Ba2 Bf6 17. d5 exd5 18. Bxd5 Qe7 19. Qf5 Rad8 20. Bb3 Bxc3 21. Rxd8 Rxd8 22. bxc3 Na5 23. Bd1 Ba6 24. Qf3 Rd2 25. Kf1 Nb3 26. Ke1 Rxe2+ 27. Bxe2 Nxa1 0-1

[Event "Geneve op"]
[Site "Geneve"]
[Date "1995.??.??"]
[Round "9"]
[White "Zorman, Vojko"]
[Black "Peric, Slavisa"]
[Result "1-0"]
[WhiteElo "2335"]
[BlackElo "2220"]
[PlyCount "83"]
[EventDate "1995.??.??"]
[EventType "swiss"]
[EventRounds "9"]
[EventCountry "SUI"]
[SourceTitle "CBM 046 Extra"]
[Source "ChessBase"]
[SourceDate "1995.07.01"]
[SourceVersion "1"]
[SourceVersionDate "1995.07.01"]
[SourceQuality "1"]

1. e4 e6 2. d4 d5 3. exd5 exd5 4. c4 c6 5. Nc3 Nf6 6. Bd3 Be7 7. Nge2 0-0 8. 0-0 dxc4 9. Bxc4 Nbd7 10. Bb3 Nb6 11. h3 Nbd5 12. Nf4 Nxf4 13. Bxf4 Bf5 14. Re1 Re8 15. Be5 Nd7 16. Qf3 Bg6 17. Rad1 Bf6 18. Qg3 Qe7 19. Bxf6 Qxe1+ 20. Rxe1 Rxe1+ 21. Kh2 Nxf6 22. Qc7 Ree8 23. Qxb7 Rec8 24. g4 h5 25. Kg3 hxg4 26. hxg4 a5 27. f4 Rab8 28. Qa7 Ra8 29. Qb7 Rab8 30. Qa6 Ra8 31. Qc4 a4 32. Nxa4 Ne4+ 33. Kh4 Nd2 34. Qc3 Ne4 35. Qc1 Ra5 36. Nc5 Nxc5 37. dxc5 Ra7 38. f5 Bh7 39. Qg5 Kf8 40. f6 gxf6 41. Qxf6 Bg6 42. Qh8+ 1-0

[Event "Bled op 15th"]
[Site "Bled"]
[Date "1994.??.??"]
[Round "?"]
[White "Dizdarevic, Emir"]
[Black "Zorman, Vojko"]
[Result "1-0"]
[WhiteElo "2515"]
[BlackElo "2325"]
[PlyCount "95"]
[EventDate "1994.03.??"]
[EventType "swiss"]
[EventRounds "9"]
[EventCountry "SLO"]
[SourceTitle "TD"]
[Source "ChessBase"]
[SourceDate "1994.03.01"]
[SourceVersion "1"]
[SourceVersionDate "1994.03.01"]
[SourceQuality "1"]

1. Nf3 d5 2. c4 c6 3. d4 Nf6 4. Qc2 e6 5. g3 Bd6 6. Nbd2 Nbd7 7. Bg2 0-0 8. 0-0 c5 9. Rd1 Qb6 10. Nb3 cxd4 11. Nfxd4 Nc5 12. Nb5 Nxb3 13. axb3 Bc5 14. e3 Bd7 15. Nc3 dxc4 16. bxc4 Rfd8 17. Bd2 Be7 18. Ne2 Bb4 19. Bxb4 Qxb4 20. Qc3 Qb6 21. c5 Qc7 22. Qa5 b6 23. cxb6 axb6 24. Qxa8 Rxa8 25. Rxa8+ Be8 26. Rdd8 Kf8 27. Rac8 Qa7 28. Bc6 Ke7 29. Rxe8+ Nxe8 30. Rxe8+ Kd6 31. Ra8 Qe7 32. Nd4 g6 33. Bg2 e5 34. Nc6 Qg5 35. Rd8+ Kc7 36. Rd2 b5 37. Nb4 Qg4 38. Nd5+ Kb8 39. Bf1 Qa4 40. Nc3 Qb4 41. Bxb5 f5 42. Bc6 Qa5 43. Rd7 Qc5 44. Bd5 f4 45. exf4 exf4 46. Rxh7 Qd4 47. Rf7 g5 48. Rf8+ 1-0

[Event "Bled op 15th"]
[Site "Bled"]
[Date "1994.??.??"]
[Round "?"]
[White "Smole, Albert"]
[Black "Zorman, Vojko"]
[Result "0-1"]
[WhiteElo "2080"]
[BlackElo "2325"]
[PlyCount "106"]
[EventDate "1994.03.??"]
[EventType "swiss"]
[EventRounds "9"]
[EventCountry "SLO"]
[SourceTitle "TD"]
[Source "ChessBase"]
[SourceDate "1994.03.01"]
[SourceVersion "1"]
[SourceVersionDate "1994.03.01"]
[SourceQuality "1"]

1. e4 e6 2. d4 d5 3. Nd2 Nc6 4. Ngf3 g6 5. c3 Bg7 6. Bb5 Nge7 7. 0-0 0-0 8. Re1 f6 9. Qc2 a6 10. Bd3 b6 11. Nf1 Bb7 12. exd5 exd5 13. Bf4 Na5 14. Rab1 Rf7 15. h3 Qd7 16. N1h2 Nc4 17. Ng4 Nd6 18. Bxd6 Qxd6 19. Re2 c5 20. Qd2 g5 21. Rbe1 Bc8 22. Ne3 c4 23. Bc2 Bd7 24. Nf1 Ng6 25. Bxg6 hxg6 26. Ng3 Bf8 27. Nh2 Qf4 28. Qc2 Kg7 29. Re3 Bd6 30. Qe2 Rh8 31. Qf3 Qxf3 32. Nxf3 b5 33. Nh2 a5 34. Nhf1 b4 35. R3e2 Bc6 36. Re6 Rd8 37. Ne3 f5 38. Ngf1 Rf6 39. Rxf6 Kxf6 40. Nd2 Rb8 41. Rb1 a4 42. Kf1 f4 43. Ng4+ Kg7 44. Ke2 Bd7 45. Ne5 Bf5 46. Rc1 a3 47. bxa3 bxc3 48. Rxc3 Rb2 49. g4 Bxe5 50. dxe5 Bd3+ 51. Rxd3 cxd3+ 52. Kxd3 Rxa2 53. Ke2 Kf7 0-1

[Event "Bled op 15th"]
[Site "Bled"]
[Date "1994.??.??"]
[Round "?"]
[White "Zorman, Vojko"]
[Black "Illijin, Neboisa"]
[Result "1-0"]
[WhiteElo "2325"]
[BlackElo "2290"]
[PlyCount "93"]
[EventDate "1994.03.??"]
[EventType "swiss"]
[EventRounds "9"]
[EventCountry "SLO"]
[SourceTitle "TD"]
[Source "ChessBase"]
[SourceDate "1994.03.01"]
[SourceVersion "1"]
[SourceVersionDate "1994.03.01"]
[SourceQuality "1"]

1. e4 c5 2. Nf3 e6 3. c4 Nc6 4. d4 cxd4 5. Nxd4 Nf6 6. Nxc6 bxc6 7. Bd3 d6 8. 0-0 Be7 9. Nd2 e5 10. b4 0-0 11. Bb2 Rb8 12. a3 Be6 13. Qc2 Nd7 14. Nb3 h6 15. Rad1 Qb6 16. Bc1 Bg5 17. Bxg5 hxg5 18. Be2 c5 19. b5 Nf6 20. Bd3 Ra8 21. a4 Rfd8 22. Qd2 g4 23. a5 Qc7 24. Na1 Rab8 25. Nc2 a6 26. b6 Qc6 27. Rfe1 Rb7 28. Qc3 g6 29. Qb3 Kg7 30. Na3 Qe8 31. Bc2 Nh5 32. Nb1 Nf4 33. Nd2 Qe7 34. Nf1 Qg5 35. Qc3 Rbb8 36. Rd2 Qe7 37. Red1 f6 38. Ba4 f5 39. Bc2 Kh7 40. Ne3 Qf7 41. Kf1 fxe4 42. Bxe4 Rf8 43. Qc2 Nh5 44. Rxd6 g3 45. Bxg6+ Qxg6 46. Qxg6+ Kxg6 47. Rxe6+ 1-0

[Event "Biel MTO op"]
[Site "Biel"]
[Date "1994.??.??"]
[Round "7"]
[White "Zorman, Vojko"]
[Black "Tukmakov, Vladimir B"]
[Result "1-0"]
[WhiteElo "2330"]
[BlackElo "2565"]
[PlyCount "95"]
[EventDate "1994.07.??"]
[EventType "swiss"]
[EventRounds "11"]
[EventCountry "SUI"]
[SourceTitle "TD"]
[Source "ChessBase"]
[SourceDate "1994.03.01"]
[SourceVersion "1"]
[SourceVersionDate "1994.03.01"]
[SourceQuality "1"]

1. e4 c5 2. Nf3 d6 3. d3 g6 4. Be2 Bg7 5. 0-0 Nf6 6. Re1 0-0 7. Bf1 Nc6 8. c3 e5 9. d4 exd4 10. cxd4 Bg4 11. d5 Nd4 12. Bg5 Bxf3 13. gxf3 h6 14. Bh4 g5 15. Bg3 Nh5 16. Nd2 f5 17. exf5 Rxf5 18. Bd3 Rf8 19. Be4 Qf6 20. Rc1 Rf7 21. Rc3 Raf8 22. Nb3 Nf5 23. Qc2 Qd8 24. Rd3 b5 25. Rdd1 Nhxg3 26. hxg3 Qf6 27. Re2 c4 28. Na5 Nd4 29. Rxd4 Qxd4 30. Nc6 Qf6 31. g4 Re8 32. Bg6 Rxe2 33. Bxf7+ Kxf7 34. Qxe2 Kf8 35. b3 c3 36. Kg2 Qf7 37. Qxb5 c2 38. Qc4 Qg6 39. Nb4 h5 40. Qxc2 Qxc2 41. Nxc2 h4 42. Nb4 Bc3 43. Nd3 Kf7 44. f4 gxf4 45. Nxf4 Kf6 46. Nd3 Kg5 47. Kh3 Bd2 48. f4+ 1-0

[Event "Ljubljana op 4th"]
[Site "Ljubljana"]
[Date "1993.??.??"]
[Round "?"]
[White "Podvrsnik, Marko"]
[Black "Zorman, Vojko"]
[Result "0-1"]
[WhiteElo "2215"]
[BlackElo "2325"]
[PlyCount "137"]
[EventDate "1993.06.??"]
[EventType "swiss"]
[EventRounds "9"]
[EventCountry "SLO"]
[SourceTitle "EXT 1997"]
[Source "ChessBase"]
[SourceDate "1996.11.15"]
[SourceVersion "1"]
[SourceVersionDate "1996.11.15"]
[SourceQuality "1"]

1. c4 c6 2. d4 d5 3. g3 Nf6 4. Bg2 e6 5. Nf3 Nbd7 6. 0-0 Bd6 7. Nbd2 0-0 8. Qc2 h6 9. e4 Bb4 10. e5 Ne8 11. a3 Be7 12. Re1 Nc7 13. c5 f6 14. exf6 Bxf6 15. b4 a5 16. Bb2 Qe8 17. h3 axb4 18. axb4 Rxa1 19. Bxa1 Nb5 20. Bf1 Nc7 21. Bd3 g5 22. Kg2 Qf7 23. Nf1 Qg7 24. g4 Bd8 25. Ng3 Nf6 26. Ne5 Bd7 27. Ng6 Re8 28. Bb2 Nb5 29. f3 Bc7 30. Ne5 Rf8 31. Qe2 Be8 32. Ra1 Nd7 33. Bxb5 Nxe5 34. dxe5 cxb5 35. Bd4 Qf7 36. Rd1 Qd7 37. Qe3 Bg6 38. Ne2 Qf7 39. Bc3 Qg7 40. Rf1 Ra8 41. Re1 Ra2 42. Kh1 Be8 43. Nd4 Qg6 44. Re2 Ra3 45. Qc1 Ra4 46. Kg2 Bd8 47. Qc2 Qxc2 48. Rxc2 Ra6 49. Re2 Bg6 50. Re3 Be8 51. Re2 Be7 52. Bd2 Kg7 53. h4 Bg6 54. h5 Bd3 55. Rf2 Bd8 56. Be3 Be7 57. Kh2 Kg8 58. f4 gxf4 59. Bxf4 Bf8 60. g5 hxg5 61. Bxg5 Bg7 62. Bf6 Bh6 63. c6 bxc6 64. Nxe6 Be3 65. Rf3 Ra2+ 66. Kg3 Re2 67. Nc7 Be4 68. e6 Bb6 69. Be5 0-1

[Event "Ljubljana op 3rd"]
[Site "Ljubljana"]
[Date "1992.??.??"]
[Round "7"]
[White "Shipov, Sergei"]
[Black "Zorman, Vojko"]
[Result "1-0"]
[WhiteElo "2460"]
[BlackElo "2270"]
[PlyCount "87"]
[EventDate "1992.04.??"]
[EventType "swiss"]
[EventRounds "9"]
[EventCountry "SLO"]
[SourceTitle "TD"]
[Source "ChessBase"]
[SourceDate "1994.03.01"]
[SourceVersion "1"]
[SourceVersionDate "1994.03.01"]
[SourceQuality "1"]

1. d4 d5 2. c4 c6 3. Nf3 Nf6 4. Nc3 e6 5. g3 Nbd7 6. Bg2 Bd6 7. 0-0 0-0 8. Nd2 h6 9. e4 Bc7 10. e5 Nh7 11. f4 f6 12. exf6 Ndxf6 13. Nf3 Bb6 14. Kh1 Qe8 15. Be3 Qh5 16. Ne5 Qxd1 17. Raxd1 Rd8 18. b3 Nf8 19. Na4 Bc7 20. Rc1 Bd6 21. Rc2 Bd7 22. Nc5 Bxc5 23. dxc5 Be8 24. Re1 N8d7 25. Bd4 Nxe5 26. Bxe5 Bf7 27. Bd6 Nd7 28. Bh3 Re8 29. cxd5 cxd5 30. c6 bxc6 31. Rxc6 Nf6 32. Be5 Ne4 33. Kg1 Rec8 34. Rec1 Re8 35. Kf1 g5 36. Ke2 h5 37. Ke3 Re7 38. Rc7 Rae8 39. Rxe7 Rxe7 40. Rc8+ Kh7 41. f5 Bg8 42. f6 Rb7 43. Rxg8 g4 44. Rh8+ 1-0

[Event "Bled op 13th"]
[Site "Bled"]
[Date "1992.??.??"]
[Round "4"]
[White "Sorokin, Maxim"]
[Black "Zorman, Vojko"]
[Result "1-0"]
[WhiteElo "2570"]
[BlackElo "2270"]
[PlyCount "110"]
[EventDate "1992.03.??"]
[EventType "swiss"]
[EventRounds "9"]
[EventCountry "SLO"]
[SourceTitle "CBM 029"]
[Source "ChessBase"]
[SourceDate "1992.08.01"]
[SourceVersion "1"]
[SourceVersionDate "1992.08.01"]
[SourceQuality "1"]

1. d4 d5 2. c4 c6 3. Nc3 Nf6 4. e3 e6 5. Nf3 Ne4 6. Bd3 Bb4 7. Qc2 f5 8. 0-0 0-0 9. Ne2 Nd7 10. Ne1 Bd6 11. f3 Nef6 12. Bd2 Qe8 13. cxd5 cxd5 14. Qb3 Nb6 15. Bb4 Qe7 16. Bxd6 Qxd6 17. Nc2 Bd7 18. Qa3 Qxa3 19. Nxa3 Rac8 20. b3 Rc7 21. h3 g5 22. Rac1 Rxc1 23. Rxc1 Rc8 24. Rd1 Rc7 25. Kf2 Nc8 26. Nb1 Nd6 27. Nbc3 b5 28. a3 a5 29. Rc1 Kf7 30. Na2 Rxc1 31. Naxc1 Bc6 32. Nc3 Nd7 33. Be2 e5 34. dxe5 Nxe5 35. f4 gxf4 36. exf4 Nd7 37. Ke3 Nc5 38. Bf3 a4 39. bxa4 Nc4+ 40. Kf2 bxa4 41. Nb1 Ne4+ 42. Ke1 Ke7 43. g4 Kd6 44. Nd3 Bd7 45. g5 d4 46. Nb4 Be6 47. h4 Nc3 48. Nxc3 dxc3 49. Bd1 Nxa3 50. Bxa4 Kc5 51. Nc2 Nxc2+ 52. Bxc2 Kd4 53. Kf2 Bf7 54. Bxf5 Bg6 55. Bxg6 hxg6 1-0

[Event "SLO-ch"]
[Site "Slovenia"]
[Date "1991.??.??"]
[Round "?"]
[White "Orel, Oskar"]
[Black "Zorman, Vojko"]
[Result "1/2-1/2"]
[WhiteElo "2320"]
[BlackElo "2270"]
[PlyCount "60"]
[EventDate "1991.??.??"]
[EventType "swiss"]
[EventRounds "13"]
[EventCountry "SLO"]
[SourceTitle "EXT 1998"]
[Source "ChessBase"]
[SourceDate "1997.11.17"]
[SourceVersion "1"]
[SourceVersionDate "1997.11.17"]
[SourceQuality "1"]

1. d4 d5 2. Nf3 Nf6 3. c4 c6 4. Nc3 e6 5. Bg5 Nbd7 6. Qc2 h6 7. Bxf6 Nxf6 8. e3 Bd6 9. Be2 0-0 10. 0-0 Qe7 11. Rad1 Bd7 12. e4 dxe4 13. Nxe4 Nxe4 14. Qxe4 f5 15. Qe3 Rad8 16. c5 Bc7 17. b4 Qf6 18. Rfe1 Rfe8 19. Ne5 Bc8 20. f4 g5 21. Bc4 Re7 22. g3 Kh7 23. Rf1 gxf4 24. gxf4 Rg8+ 25. Kh1 Reg7 26. Rg1 Rxg1+ 27. Rxg1 Rxg1+ 28. Kxg1 Qh4 29. Qg3 Qxg3+ 30. hxg3 Kg7 1/2-1/2